| 000 | 00409nam a2200145Ia 4500 | ||
|---|---|---|---|
| 008 | 130318s9999 xx 000 0 und d | ||
| 020 | _a8173711089 | ||
| 082 | _a658.4038 IBM/L | ||
| 100 | _aIBM Consulting Group | ||
| 245 | _aLearning organization: Managing knowledge for business success | ||
| 260 |
_bUP _aHyderabad _c2000 |
||
| 300 | _a133 | ||
| 650 | _aKNOWLEDGE MANAGEMENT | ||
| 650 | _aLEARNING ORGANIZATION | ||
| 999 |
_c418 _d418 |
||